000 00249 a2200097 4500
001 46963
100 _aMuhammad Akbar Khan
245 _aThe History of Army Service (Vol-II)
260 _aKarachi
_bIslamic Military Service
_c
090 _c30036
_d30036
942 _aNUST-CAE
_cM
_c22266
999 _c282036
_d282036